| 000 | 00917nam a22002177a 4500 | ||
|---|---|---|---|
| 005 | 20140829104150.0 | ||
| 008 | 150814|2012 ck spa | ||
| 020 | _a9789581803866 | ||
| 041 | _aspa | ||
| 044 | _ack | ||
| 082 |
_a323.3 _bC71l |
||
| 110 |
_aColombia _bPrograma Presidencial para la formulación de estrategias y acciones para el Desarrollo Integral de los Pueblos Indígenas de Colombia _926113 |
||
| 245 |
_aLey 21 de 1991: _bDeclaración de las Naciones Unidas sobre los Derechos de los Pueblos Indígenas/ |
||
| 260 |
_aBogotá D.C _bPresidencia República de Colombia _bVicepresidencia República de Colombia _c2012 |
||
| 300 |
_a44 p. _bFot (col). _c28 cm. |
||
| 490 |
_aColección Cuadernos Legislación y Pueblos Indígenas de Colombia _v1 |
||
| 650 | 6 |
_aDerechos humanos _926114 |
|
| 650 | 6 |
_aDerechos de los indígenas _926115 |
|
| 650 | 6 |
_aIndígenas de Colombia _926116 |
|
| 942 |
_2ddc _cLIBRO |
||
| 999 |
_c8606 _d8606 |
||